[Event "TUR-chT Clubs"]
[Site "Konya"]
[Date "2019.07.19"]
[Round "6.30"]
[White "Bladanli, Arcan"]
[Black "Arslan, Kaan Eren"]
[Result "1/2-1/2"]
[WhiteElo "1206"]
[BlackElo "1033"]
[PlyCount "64"]
[EventDate "2019.07.16"]
[EventType "team-swiss"]
[EventRounds "9"]
[EventCountry "TUR"]
[SourceTitle "CBM 191 Extra"]
[Source "ChessBase"]
[SourceDate "2019.09.30"]
[SourceVersion "1"]
[SourceVersionDate "2019.09.30"]
[SourceQuality "1"]
[WhiteTeam "Magusa Dernegi"]
[BlackTeam "Osmaniye Genclik Izcilik"]
[WhiteTeamCountry "TUR"]
[BlackTeamCountry "TUR"]

1. e4 e5 2. Nf3 Nc6 3. Bc4 Bc5 4. d3 d6 5. h3 h6 6. Be3 Bxe3 7. fxe3 Nf6 8. Nc3 0-0 9. Qe2 Be6 10. Bb3 a6 11. 0-0 Qd7 12. Rad1 Rad8 13. d4 exd4 14. exd4 Bxb3 15. axb3 d5 16. Ne5 Nxe5 17. dxe5 Nh7 18. exd5 c6 19. e6 fxe6 20. Rxf8+ Nxf8 21. dxc6 Qc7 22. Rxd8 Qxd8 23. cxb7 Qb6+ 24. Kh1 Qxb7 25. Na4 Qc6 26. b4 Qxa4 27. Qc4 Qa1+ 28. Kh2 Qxb2 29. Qxa6 Qxb4 30. c4 e5 31. Qc6 Qe7 32. c5 Qd7 1/2-1/2

[Event "TUR-chT Clubs"]
[Site "Konya"]
[Date "2019.07.16"]
[Round "1.29"]
[White "Koc, Mert"]
[Black "Arslan, Kaan Eren"]
[Result "1-0"]
[WhiteElo "1679"]
[BlackElo "1033"]
[PlyCount "101"]
[EventDate "2019.07.16"]
[EventType "team-swiss"]
[EventRounds "9"]
[EventCountry "TUR"]
[SourceTitle "CBM 191 Extra"]
[Source "ChessBase"]
[SourceDate "2019.09.30"]
[SourceVersion "1"]
[SourceVersionDate "2019.09.30"]
[SourceQuality "1"]
[WhiteTeam "Baglarbasi"]
[BlackTeam "Osmaniye Genclik Izcilik"]
[WhiteTeamCountry "TUR"]
[BlackTeamCountry "TUR"]

1. e4 e5 2. Nf3 Nc6 3. Bc4 Bc5 4. d3 Nf6 5. 0-0 0-0 6. h3 h6 7. c3 d6 8. Nbd2 Re8 9. Re1 Be6 10. Bb3 a5 11. Nf1 a4 12. Bxa4 d5 13. exd5 Bxd5 14. Bxc6 bxc6 15. Nxe5 Qd6 16. Bf4 Nd7 17. d4 Bb6 18. Ne3 Nxe5 19. Bxe5 Qg6 20. Nxd5 cxd5 21. Qf3 c5 22. Qxd5 Rad8 23. Qb3 Ba7 24. Qb7 Bb8 25. a4 Bxe5 26. Rxe5 cxd4 27. cxd4 Rxe5 28. dxe5 Qe6 29. Qb5 f6 30. exf6 Qxf6 31. Qe2 Rb8 32. Qc4+ Qf7 33. Qxf7+ Kxf7 34. Rb1 Ke6 35. b4 Kd5 36. a5 Kc6 37. Kf1 Kd5 38. a6 Ra8 39. b5 Kc5 40. b6 Rxa6 41. b7 Rb6 42. Rxb6 Kxb6 43. b8Q+ Kc5 44. Ke2 Kc6 45. Kd3 Kd7 46. Kd4 Kc6 47. Qe5 Kd7 48. Kd5 Kc8 49. Qe6+ Kd8 50. Kd6 g6 51. Qd7# 1-0